Cuentos a mi hija / (Record no. 152523)

MARC details
000 -LEADER
campo de control de longitud fija 00654nam a22001695i 4500
001 - NÚMERO DE CONTROL
campo de control 152523
003 - IDENTIFICADOR DE NÚMERO DE CONTROL
campo de control ES-MaACL
005 - FECHA Y HORA DE LA ÚLTIMA TRANSACCIÓN
campo de control 20230906204759.0
008 - DATOS DE LONGITUD FIJA--INFORMACIÓN GENERAL
campo de control de longitud fija 051017s1821 sp | |||||||| ||spa d
040 ## - FUENTE DE CATALOGACIÓN
Centro catalogador/agencia de origen CAM
Lengua de catalogación spa
Centro/agencia transcriptor CAM
080 ## - NÚMERO DE LA CLASIFICACIÓN DECIMAL UNIVERSAL
Número de la Clasificación Decimal Universal 821.133.1-34"18"
100 1# - ENTRADA PRINCIPAL--NOMBRE DE PERSONA
Nombre de persona Bouilly, Jean Nicolas.
9 (RLIN) 30886
245 10 - MENCIÓN DEL TÍTULO
Título Cuentos a mi hija /
Mención de responsabilidad, etc. por J.N. Bouilly; obra traducida de la sexta edicion por P.F. y C.
260 ## - PUBLICACIÓN, DISTRIBUCIÓN, ETC.
Lugar de publicación, distribución, etc. Madrid :
Nombre del editor, distribuidor, etc. [s.n.],
Fecha de publicación, distribución, etc. 1821 (
Fabricante Imprenta, calle de la Greda, á cargo de su regente Cosme Martinez)
300 ## - DESCRIPCIÓN FÍSICA
Extensión 2 v. ([16], 244; 288 p.) ;
Dimensiones 15 cm.
852 ## - LOCALIZACIÓN
Ubicación ES-MaACL
Número de control de estantería D-3860
Nota libre -- Enc. hol.
-- -- Legado M. de la Fuente
-- -- 2 t. en 1 v.
Holdings
Estatus retirado Estado de pérdida Estado de daño No para préstamo Colección Biblioteca de origen Biblioteca actual Ubicación en estantería Fecha de adquisición Fuente de adquisición Total de préstamos Signatura topográfica completa Código de barras Visto por última vez Precio de reemplazo Tipo de ítem Koha
        Libros del s. XIX Biblioteca del Ateneo de Madrid Biblioteca del Ateneo de Madrid Sala Valle Inclán 17/01/2008     D-3860 901159269 23/02/2023 23/02/2023 Libro impreso antiguo